Невероятната наука за късмета (Запис номер 155317)
[ съкратено ]
| 000 -Лидер | |
|---|---|
| Лидер | 02323nam a2200457 a 4500 |
| 003 - Код на организацията, давaща контролен номер | |
| Код на организацията, даваща контролен номер | BLK |
| 005 - Дата и час на последна редакция | |
| Дата и час на последна редакция | 20250228141158.0 |
| 008 - Елементи от данни с фиксирана дължина | |
| Елементи с фиксирана дължина | 180410b bul|||||r ||||||| ||bul|| |
| 020 ## - Международен стандартен номер на книга ISBN | |
| ISBN | 9789547831322 |
| 040 ## - Източник на каталожния запис | |
| Код на библиотеката | BLK |
| 041 ## - Код за език | |
| Език | Български |
| Език за КДБФ | Български |
| 072 #7 - Код за тематичната категория | |
| Код организация | bullib |
| Код за тематична категория | Н15 |
| Текст | Психология Н |
| 080 ## - УДК | |
| УДК текст | Индивидуална психология. Психология на личността. Индивидуалност. Психология на характера. Характерология. Психологическа типология |
| УДК код | 159.923 |
| УДК – определител | (02.062) |
| УДК – код + определител | 159.923(02.062) |
| 080 ## - УДК | |
| УДК текст | Икономическа психология. Икономическо поведение. Физиологични и психологични елементи. Интереси. Икономически дух |
| УДК код | 330.16 |
| УДК – определител | (02.062) |
| УДК – код + определител | 330.16(02.062) |
| 080 ## - УДК | |
| УДК текст | Етика на бизнеса. Успех |
| УДК код | 174.4 |
| УДК – определител | (02.062) |
| УДК – код + определител | 174.4(02.062) |
| 100 1# - Редна дума - Автор | |
| Автор | Рагнър, Питър |
| R(LIN) | 113829 |
| 240 ## - Унифицирано заглавие | |
| Унифицирано заглавие | The Awesome Science of Luck : Your Guide to Winning All the Time |
| 245 10 - Сведения за заглавието | |
| Заглавие | Невероятната наука за късмета |
| Подзаглавни данни | Как да печелим постоянно |
| Авторска отговорност | Питър Рагнър ; прев. Александра Павлова. |
| 257 ## - Страна на издаване | |
| Страна на създаване/издаване | България |
| 260 ## - Област на издателските данни | |
| Място на издаване | София |
| Име на издателя | Локус |
| -- | Intense |
| Година на издаване | 2011 |
| 300 ## - Физическа характеристика | |
| Брой страници | 184 с. |
| Размер | 20 см |
| 380 ## - Жанр | |
| Жанр | Философия |
| 500 ## - Общи забележки | |
| Обща забележка | Ориг. загл. The Awesome Science of Luck : Your Guide to Winning All the Time / Peter Ragnar. |
| 650 #4 - Допълнително описание по предмет – тема | |
| Предметна рубрика | Икономическо поведение - популярна литература |
| 9 (RLIN) | 263288 |
| 650 #4 - Допълнително описание по предмет – тема | |
| Предметна рубрика | Психология на личността |
| 9 (RLIN) | 267089 |
| 650 #4 - Допълнително описание по предмет – тема | |
| Предметна рубрика | Успех - психология |
| 9 (RLIN) | 323719 |
| 653 ## - Ключова дума – ненормативна | |
| Ключови думи | психология на личността |
| 653 ## - Ключова дума – ненормативна | |
| Ключови думи | себепознание |
| 653 ## - Ключова дума – ненормативна | |
| Ключови думи | късмет |
| 653 ## - Ключова дума – ненормативна | |
| Ключови думи | бизнес поведение |
| 659 ## - Тематичен бюлетин | |
| Тематичен бюлетин | Н |
| 700 ## - Други автори (авторска отговорност) | |
| Друг автор | Павлова, Александра Христова |
| Авт. отговорност на др. автор | прев. |
| 9 (RLIN) | 417254 |
| 852 ## - Местоположение | |
| Сигнатура (форматна) | Цб 269361 |
| Отдел | Хранилище |
| 856 4# - Електронен адрес и достъп | |
| Електронен формат | pdf - файл |
| 856 4# - Електронен адрес и достъп | |
| Електронен формат | pdf - файл |
| 942 ## - АРТИКУЛИ | |
| Вид на библиотечния документ | Книги |
| Скрит в OPAC | Не |
| Koha issues (borrowed), all copies | 15 |
| 944 ## - СЪЗДАВАНЕ И РЕДАКЦИЯ на ЗАПИСА | |
| Създаване/Редакция | Редакция |
| Дата на регистрацията/редакция | 11.05.2015 |
| Служител, извършил регистрацията/редакцията | 30537 |
| Номер на служител | Грета Цуфелде |
| 999 ## - СИСТЕМНИ КОНТРОЛНИ НОМЕРА | |
| Koha biblionumber | 155317 |
| Koha biblioitemnumber | 155317 |
| 999 ## - СИСТЕМНИ КОНТРОЛНИ НОМЕРА | |
| Koha biblioitemnumber | 155317 |
| 999 ## - СИСТЕМНИ КОНТРОЛНИ НОМЕРА | |
| Koha biblioitemnumber | 155317 |
| Код за отписване | Код за изгубен артикул | Източник на класификационната схема | Код за повреда | Коз за рестрикции | Код за отдаване | Артикулен № | Име на библиотеката - собственик | Име на библиотеката, в която се намира в момента | Статус (Текущо местоположение) | Дата на вписване в системата | Местоположение - отдел | Цена в лева | Инвентарен номер | Систематично азбучна сигнатура | Баркод | Номер на екземпляра | Цена в евро | Служебна бележка | Служебен тип на артикула |
|---|---|---|---|---|---|---|---|---|---|---|---|---|---|---|---|---|---|---|---|
| Не е изгубен | Universal Decimal Classification | Не е повреден | без рестрикции | заемане за дома | 260457 | Регионална библиотека "Любен Каравелов" Русе | Регионална библиотека "Любен Каравелов" Русе | Заемна - подръчен фонд | 2014-06-18 | Заемна - подръчен фонд | 5.00 | 120000778281 | П 159.92/Р 11 | 120000778281 | 1 | 2.56 | Дост: DA Вид: А N: 9 Дата: 18.06.2014 Дата инв: 01.02.2018 Бележки инв: П2018 | Книги |